000
00306pam a2200133 a 4500
020
_c
041
_h
082
_a
758.1
_b
PET
100
_a
Kalan peterson.
245
_a
Water foster watercolour Landscape
_h
Textual Documents
260
_a
[s.l]:
_b
water foster
300
_a
31:
_b
Hard.
930
_a
6931
999
_c
240721
_d
240721